000 005860000a22001810004500
090 _aSERIADAS
100 1 _aRamos Ortega, Lina M.
_9100744
700 1 _aVidal V., Luis A.
_9100745
245 1 0 _aPrimer registro del género Heterodinium (Dinophyceae) en aguas costeras del Caribe colombiano
044 _aColombia
041 0 _aEspañol
690 _aDinoflagelados
_996097
690 _aTaxonomía
_992343
690 _aMorfología
_992917
651 4 _pColombia
_lCaribe
_992749
942 _cARTICULO
773 1 _tBoletín de Investigaciones Marinas y Costeras
_h1
_q203-209
_d2008
_g37
999 _c16398
_d16398